00911cam a2200277 i 450000100060000000300080000600500170001400800400003102000150007103500190008604000270010504100080013208200310014010000180017124501300018925000120031926000490033130000260038050400480040665000230045465000380047765000250051565000320054065000220057265000390059432089BD-RjUL20211209051804.0140423s1980 cau b 001 0 eng  a0875894453 a(BD-RjUL)32178 aDLCcDLCdBD-RjULbeng aeng00a618.9289075219bOZS 19801 aOzer, Mark N.10aSolving learning and behavior problems of children :ba planning system integrating assessment and treatment /cMark N. Ozer. a1st ed. aSan Francisco, Calif. :bJossey-Bass,c1980. axii, 258 p. ;c24 cm. aBibliography: p. 252-254 & Includes index. 0aPsychodiagnostics. 0aPsychological tests for children. 0aChild psychotherapy. 0aLearning disabled children. 0aProblem children. 0aBehavioral assessment of children.